LIBRARY & INFORMATION CENTRE, KCAET, TAVANUR

ONLINE PUBLIC ACCESS CATALOGUE (OPAC)

Applied soil physics: soil water and temperature applications / (Record no. 4828)

MARC details
000 -LEADER
fixed length control field 00516cam a2200193ua 4500
041 ## - LANGUAGE CODE
Language code of text/sound track or separate title eng
082 ## - DEWEY DECIMAL CLASSIFICATION NUMBER
Classification number 631.43
Item number HAN/AP
100 ## - MAIN ENTRY--AUTHOR NAME
Personal name Hanks, R J .
245 ## - TITLE STATEMENT
Title Applied soil physics: soil water and temperature applications /
260 ## - PUBLICATION, DISTRIBUTION, ETC. (IMPRINT)
Place of publication New York :
Name of publisher Springer Verlag ,
Year of publication 1986.
300 ## - PHYSICAL DESCRIPTION
Number of Pages 160 ; .
500 ## - GENERAL NOTE
General note 19656- Reference
700 1# - ADDED ENTRY--PERSONAL NAME
Personal name Ashcraft, G L .
942 ## - ADDED ENTRY ELEMENTS (KOHA)
Koha item type Books
Holdings
Withdrawn status Lost status Damaged status Home library Current library Date acquired Cost, normal purchase price Full call number Accession Number Koha item type
Withdrawn     KAUAET KAUAET 07/04/2012 1440.00 631.43 19656 Books
free website counter